000 00635nam a2200241Ia 4500
003 OSt
005 20220925220333.0
006 a|||||r|||| 00| 0
007 ta
008 220923b |||||||| |||| 00| 0 eng d
037 _cGeneral Book
040 _aRTL
_cRTL
_beng
041 _2eng
_aeng
082 _aX62:(Z3), L8
100 _aGheerbrant Philip A
_9284587
245 0 _aCases in banking law
250 _a2ed
260 _aLondon
_bMacdonald and Evans UK
_c1978
300 _axvi, 122p.
_ccm.
650 _aBank
942 _hX62:(Z3), L8
_cGB
_2CC
999 _c571172
_d571172